00945cam a2200265 ib45000010008000000030007000080050017000150080041000320200038000730400027001110420009001380840016001471000014001632450165001772460095003422460032004372500011004692600040004803000025005204900020005454900038005655000026006036500025006296500025006541140813YEEZEN20250724152306.0241113s2024 ch e 000 0 chi d a9786269879809q(平裝) :cNT$420 aPTTCLbchicPTTCLeCCR anbic a4292ncsclt1 a林慶順10a生活中的僞科學 :b頂尖醫學期刊評審以科學證據破解智商稅產品和危言聳聽的健康資訊 = Stupid tax & health rumors /c林慶順著1 a頂尖醫學期刊評審以科學證據破解智商稅產品和危言聳聽的健康資訊31aStupid tax & health rumors. a初版 a臺北市 :b一心文化,c2024.08 a315 面 ;c23 公分0 aScience ;v008.0 a餐桌上的偽科學系列 ;v6. a附錄 : 資料來源 7a家庭醫學2lcstt. 7a保健常識2lcstt.